000 01239nam a2200313 i 4500
003 EG-GICUC
005 20260121101237.0
008 251117s2007 ua ||||fr|||| 00| 0 ara d
020 _a9789770315753
040 _a EG-GICUC
_bara
_c EG-GICUC
_d EG-GICUC
_erda
041 0 _hara
082 0 4 _221
_a345.2
_bد ا . ح
092 0 4 _221
099 _aLaw1 07 345.2 د ا . ح 2007
100 0 _aداود عبد الرازق الباز
_eمؤلف.
245 1 2 _aالحكومة الإلكترونية وأثرها على النظام القانوني للمرفق العام وأعمال موظفيه /
_cدكـتور داود عبد الرازق الباز.
264 1 _aالاسكـندرية :
_bمنشأة المعارف ،
_c2007.
300 _a358 صفحة ؛
_c24 سم.
336 _2rda content
_atext
337 _2rda media
_aComputer
338 _2rda carrier
_aOnline Resource
504 _aيشتمل على إرجاعات ببليوجرافية
504 _a.ببليوجرافيا صفحات : (315-347)
546 _aالنص باللغة العربية
650 1 _aالقانون الإداري
856 4 0 _uhttps://fll.law.cu.edu.eg/fulltext/bks/B07-00751.pdf
905 _a33
942 _2ddc
_cBK
_e21
_n0
999 _c44058
_d44058